Mozart (1756-1791)

محفوظ في:
التفاصيل البيبلوغرافية
المؤلف الرئيسي: Bằng Việt
التنسيق: كتاب
اللغة:Undetermined
منشور في: Hà Nội Văn hóa 1978
الموضوعات:
الوسوم: إضافة وسم
لا توجد وسوم, كن أول من يضع وسما على هذه التسجيلة!
Thư viện lưu trữ: Trung tâm Học liệu Trường Đại học Cần Thơ
LEADER 00447nam a2200169Ia 4500
001 CTU_46290
008 210402s9999 xx 000 0 und d
082 |a 780.92 
082 |b M939 
100 |a Bằng Việt 
245 0 |a Mozart (1756-1791) 
245 0 |c Bằng Việt 
260 |a Hà Nội 
260 |b Văn hóa 
260 |c 1978 
650 |a composers - biography 
980 |a Trung tâm Học liệu Trường Đại học Cần Thơ